Principles Of Population Studies (Record no. 19603)

MARC details
000 -LEADER
fixed length control field 00445nam a2200181Ia 4500
008 - FIXED-LENGTH DATA ELEMENTS--GENERAL INFORMATION
fixed length control field 220531s9999 xx 000 0 und d
041 ## - LANGUAGE CODE
Language code of text/sound track or separate title eng
082 ## - DEWEY DECIMAL CLASSIFICATION NUMBER
Item number BHE / KAN
100 ## - MAIN ENTRY--PERSONAL NAME
Personal name Bhende, A. A. / Kanitkar, T.
9 (RLIN) 31269
245 ## - TITLE STATEMENT
Title Principles Of Population Studies
250 ## - EDITION STATEMENT
Edition statement 1ST
260 ## - PUBLICATION, DISTRIBUTION, ETC. (IMPRINT)
Name of publisher, distributor, etc. Himalaya
Date of publication, distribution, etc. 1991
300 ## - PHYSICAL DESCRIPTION
Extent 506
542 ## - INFORMATION RELATING TO COPYRIGHT STATUS
Copyright holder 31-03-1991
650 ## - SUBJECT ADDED ENTRY--TOPICAL TERM
Topical term or geographic name as entry element Geography
9 (RLIN) 31270
906 ## - LOCAL DATA ELEMENT F, LDF (RLIN)
d 1990-1991
f 2299
Holdings
Withdrawn status Lost status Source of classification or shelving scheme Damaged status Not for loan Collection code Home library Current library Date acquired Cost, normal purchase price Total Checkouts Total Holds Full call number Barcode Date last seen Bill Date Koha item type Original Barcode
    Dewey Decimal Classification       Shri Siddhivinayak Mahila Mahavidyalaya Shri Siddhivinayak Mahila Mahavidyalaya 31/03/1991 75.00   1 /BHE / KAN/B/536 SSMM-BK-536 06/08/2022 06/08/2022 Books 010000536